000 00239nam a22000857a 4500
008 160628b xxu||||| |||| 00| 0 eng d
100 _91254
_a Biswas, A
245 _aIndia and the Modern World - IX
260 _aNew Delhi
_bArya Publication
_c2001
999 _c1028
_d1028